Statistics for Starboy - The Weeknd Lyrics

Click here to take the quiz!

General Stats

  • This quiz has been taken 162 times
  • The average score is 270 of 413

Answer Stats

HintAnswer% Correct
I
99%
VerseI'm
97%
A
96%
a
96%
Star
94%
starboy
93%
you,
93%
You
93%
you
93%
the
90%
The
90%
motherf*ckin
89%
motherf*ckin'
89%
in
87%
to
85%
me,
84%
me
84%
try
83%
Chorus 2x | Chorus 4xLook
80%
so
79%
what
79%
your
79%
of
78%
done
76%
Then
76%
love,
75%
love
75%
on
75%
my
74%
hear
73%
put
73%
we
73%
We
73%
you've
73%
clean
72%
just
71%
don't
70%
mood,
70%
need
70%
too,
70%
worst
70%
ah
69%
that
69%
tryna
68%
she
67%
than
67%
baby,
66%
empty,
66%
for
66%
House
66%
pieces
66%
shoes,
66%
up
66%
cleaner
65%
face,
65%
centerpiece
64%
cut
64%
Cut
64%
her
64%
it
64%
with
64%
see
63%
skinny
62%
VerseEvery
61%
get
61%
man,
61%
n*gga
61%
Twenty
61%
from
60%
into
60%
P1
60%
day,
59%
day
59%
All
58%
b*tch
58%
money
58%
money,
58%
out
58%
table
58%
table,
58%
church
57%
ebony
57%
hurt
57%
racks
57%
talkin'
57%
Side
56%
end
55%
come
54%
ivory
54%
tease
54%
shade
53%
test
53%
these
53%
when
53%
bout
52%
Main
52%
new
52%
New
52%
year
52%
any
51%
VerseLet
51%
pain
50%
point
50%
Lamb'
49%
red
49%
two
49%
and
48%
fall,
48%
fall
48%
league
48%
None
48%
Now
48%
Pull
48%
switch
48%
Switch
48%
take
48%
they
48%
toys
48%
aid
47%
kill
47%
Made
47%
week
46%
hearing
45%
like
45%
alive
44%
Competition,
44%
cry,
44%
lane
43%
Legend
43%
Milli
43%
song
43%
this
43%
time,
43%
cars
42%
king,
42%
listen
42%
that's
42%
whole
42%
lease
41%
pray
41%
style,
41%
girls
40%
cup,
39%
far
39%
pockets
39%
SV,
39%
Edition
38%
gettin'
38%
loose
38%
really
38%
took
38%
brand
37%
Comin'
37%
hefty,
36%
bandit
35%
blue
35%
lookin'
35%
Mama
35%
Pitt
35%
Bought
34%
crib
34%
God
34%
lavish
34%
overweight,
34%
grocery
33%
roadster
33%
shop
33%
wagon
32%
hit
30%
hundred
30%
close
28%
Trek
27%
yah
26%
bumpin'
25%
dash
25%
brag
24%
Khan
23%
Mulsanne,
23%
Wraith
20%
roof
18%
n*gga
10%

Score Distribution

Percentile by Number Answered

Percent of People with Each Score

Your Score History

You have not taken this quiz